Zákazník je nepoučiteľný tvor

Výsledky prieskumu spotrebiteľského povedomia s názvom Som európsky spotrebiteľ ? Najčastejšie porušovanie práv spotrebiteľov. Najčastejší porušovatelia práv spotrebiteľov. Nedostatok informácií o tom, ako postupovať pri reklamáciách. U koho si má spotrebiteť uplatňovať reklamáciu, stanovený čas na...

Ausführliche Beschreibung

Gespeichert in:
Bibliographische Detailangaben
1. Verfasser: Hinková-Dibarborová, Andrea
Format: Buchkapitel
Sprache:Slowakisch
Schlagworte:
Tags: Tag hinzufügen
Keine Tags, Fügen Sie das erste Tag hinzu!

MARC

LEADER 00000naa$a2200000$$$4500
001 0040050
005 20231107130318.7
041 0 |a slo 
044 |a SK 
245 1 0 |a Zákazník je nepoučiteľný tvor  |c Andrea Hinková-Dibarborová 
520 |a Výsledky prieskumu spotrebiteľského povedomia s názvom Som európsky spotrebiteľ ? Najčastejšie porušovanie práv spotrebiteľov. Najčastejší porušovatelia práv spotrebiteľov. Nedostatok informácií o tom, ako postupovať pri reklamáciách. U koho si má spotrebiteť uplatňovať reklamáciu, stanovený čas na vybavenie reklamácie. Záručná doba na spotrebné tovary. 
610 2 0 |a zákazníci 
610 2 0 |a ochrana spotrebiteľa 
610 2 0 |a práva spotrebiteľské 
610 2 0 |a reklamácie 
610 2 0 |a správanie spotrebiteľa 
100 1 |a Hinková-Dibarborová, Andrea